Nombre 13 - Culture générale - Statistiques

Statistiques générales
  • Ce quiz a été pris 2 399 fois
  • Le résultat moyen est 7 sur 15
Statistiques - réponses
Indice Réponse % Correct
Jour de la semaine associé au nombre 13 lorsque l'on évoque la chance Vendredi
100%
Date de l'attentat du Bataclan en France {13} {novembre} {2015}
74%
Peinture de Léonard de Vinci où 13 figures religieuses sont attablées La Cène
74%
Plus forte des 13 cartes de chaque couleur au Tarot Roi
62%
Série télévisée narrant les motivations du suicide d'Hannah Baker 13 Reasons Why
61%
Département français portant le n°13 Bouches-du-Rhône
58%
Plus grande des 13 régions et collectivités de France métropolitaine Nouvelle-Aquitaine
55%
Complétez l'expression : "Treize à la ________" Douzaine
49%
Cérémonie juive masculine se déroulant à l'âge de 13 ans statuant la majorité Bar-mitsvah
47%
Ce que représentent les 13 bandes sur le drapeau des États-Unis Treize colonies
37%
Type d'œuvre qu'est XIII de Van Hamme et Vance Bande dessinée
35%
Chanteuse qui a pour nombre porte-bonheur le 13 et dont le second album se nomme Fearless Taylor Swift
28%
Ils sont 13 dans la tradition provençale lors de la veillée de Noël Desserts
24%
Identifiant international des livres ayant 13 chiffres ISBN
18%
13ème constellation du Zodiaque ayant été écartée Serpentaire
15%
Aucun quiz correspondant
Distribution des résultats
% des personnes avec chaque résultat
Percentile par nombre de réponses
Votre historique - résultats
Vous n’avez pas pris ce quiz